Straßenbahnhaltestellen in Bochum - Statistiken

Allgemein
  • Dieses Quiz wurde 15 mal gespielt
  • Das Durchschnittsergebnis liegt bei 46 aus 154
Antwortstatistiken
Antwort % Korrekt
Bochum Hbf
93%
Bochum Rathaus
86%
Lohring
71%
O-Werk
71%
Höntrop Kirche
64%
Schauspielhaus
64%
August-Bebel-Platz
57%
Bergmannsheil
57%
Bermuda3eck
57%
Laer Mitte
57%
Altenbochum Kirche
50%
Bochumer Verein
50%
Buer Rathaus
50%
Deutsches Bergbau-Museum
50%
Freigrafendamm
50%
Gelsenkirchen Hbf
50%
Gesamtschule Ückendorf
50%
Hattingen Mitte
50%
Heinrich-König-Platz
50%
Langendreer Markt
50%
Langendreer S
50%
Planetarium
50%
Ruhr-Universität
50%
Schalker Meile
50%
VELTINS-Arena
50%
Vonovia Ruhrstadion
50%
Weitmar Mitte
50%
Brenscheder Straße
43%
Freiheitstraße
43%
Gesundheitscampus
43%
Goldhammerstraße
43%
Herne Mitte
43%
Hustadt
43%
Jacob-Meyer-Straße
43%
Lennershof
43%
Lorheidestraße
43%
Markstraße
43%
Oskar-Hoffmann-Straße
43%
Rheinelbestraße
43%
Ückendorfer Platz
43%
Wasserstraße
43%
Wattenscheider Straße
43%
Westpark
43%
Wissenschaftspark
43%
Amtsstraße
36%
Brückstraße
36%
Engelsburger Straße
36%
Erzstraße
36%
Hamme Kirche
36%
Heven Dorf
36%
Linden Mitte
36%
Röntgenstraße
36%
Schloß Strünkede
36%
Südbad
36%
Vietingstraße
36%
Waldring
36%
Watermanns Weg
36%
Wattenscheid Post
36%
Brucknerstraße
29%
Buer Bergmannsheil
29%
Centrumplatz
29%
Eickeler Straße
29%
Eickel Kirche
29%
Ernst-Kuzorra-Platz
29%
Feldsieper Straße
29%
Gerthe Mitte
29%
Heinrichstraße
29%
Herne Bf
29%
Hölkeskampring
29%
Leibnizstraße
29%
Lessing Schule
29%
Musiktheater
29%
Nordbad
29%
Papenholz
29%
Rensingstraße
29%
Rottmannstraße
29%
Stahlwerke Bochum
29%
Wanne Eickel Hbf
29%
Weserstraße
29%
Witten Rathaus
29%
Alte Heide
21%
Alte Ümminger Straße
21%
Am Röderschacht
21%
Archäologie-Musuem
21%
Auf der Wenge
21%
Berliner Brücke
21%
Berliner Straße
21%
Berninghausstraße
21%
Blankensteiner Straße
21%
Bochum Präsident Bahnhof
21%
Bodelschwinghplatz
21%
Breslauer Straße
21%
Dannenbaumstraße
21%
Elbinger Straße
21%
Emscherstraße
21%
Friederikastraße
21%
Hannibal Einkaufszentrum
21%
Hannibalstraße
21%
Heisterkamp
21%
Hordeler Straße
21%
Hugenpoth
21%
Igelstraße
21%
Kennedyplatz
21%
Knoopstraße
21%
Kohlenstraße
21%
Max Planck Institut
21%
Mettestraße
21%
Nevelstraße
21%
Querstraße
21%
Riemke Markt
21%
Rudolf-Steiner-Schule
21%
Schürbankstraße
21%
Stadthafen
21%
Stephanstraße
21%
Surenfeld
21%
Unterstraße
21%
Willy-Brandt-Allee
21%
Zeche Constantin
21%
Am Buschmannshof
14%
Am Feldbrand
14%
Am Neggenborn
14%
Auf dem Holte
14%
Auf dem Jäger
14%
Bahnhofsstraße
14%
Grenzstraße
14%
Grillostraße
14%
Handwerksweg
14%
Hattingen Ruhrbrücke
14%
Heven Hellweg
14%
Holthauser Straße
14%
Kesterkamp
14%
Lewackerstraße
14%
Marienhospital
14%
Mark 51°7
14%
Punges Feld
14%
Robertstraße
14%
Solbad
14%
Zentrum Augusta Linden
14%
Am Buchenhain
7%
Betriebshof Witten
7%
Breite Straße
7%
Crengeldanz
7%
Dahlhausen S
7%
Denkmalstraße
7%
Kolpingplatz
7%
Oberwinzerfeld
7%
Schlosspark MUT
7%
Surenfeldstraße
7%
Am Steinberg
0%
Friedirch-List-Straße
0%
Hans-Böckler-Straße
0%
Hardel
0%
Sprockhöveler Straße
0%
Keine übereinstimmenden Quizze gefunden
Verteilung der Resultate
Anzahl Personen mit jedem Resultat
Perzentil nach korrekt beantworteten Fragen
Ihre Resultats-Entwicklung
Sie haben dieses Quiz noch nicht gespielt